01286 2200361 4500001002100000005001500021035002000036007000300056008004100059020003200100082001500132084001700147100003200164245022400196300003800420650003300458700003800491700004200529700002800571700003400599700002900633504002900662264003600691336002100727337003000748338002300778040002200801090002200823440002300845850001200868999002200880990002200902INLIS00000000087749420230324082600 a0010-0323000761ta230321t2022 yoia g 000 0 ind d a978-979-28-4519-8 (jil. 1a)04223a372.86 a372.86 ARY p0 aAry SetyaningsihePengarang10aPendidikan jasmani, olahraga, dan kesehatan untuk SD/MI kelas IV semester 1 /cAry Setyaningsih, Brilliant Nur Rahmawan, Muhammad Rizky Aria Luqoni ; penyunting, Ari Subekti, Wulan Tri Wahyuni ; ilustrator, Heri Parwoko avi, 90 halaman :bgambar ;c28 cm 4aOlahraga -- Pendidikan dasar0 aBrilliant Nur RahmawanePengarang0 aMuhammad Rizky Aria LuqoniePengarang0 aAri SubektiePenyunting0 aWulan Tri WahyuniePenyunting0 aHeri ParwokoeIlustrator aBibliografi : halaman 8831aBantul :bIntan Pariwara,c2022 2rdacontentateks 2rdamediaatanpa perantara 2rdacarrieravolume aYOPDYOGbinderda aCB-D.11 2022-2814 aPR buku interaktif aYOPDYOG aCB-D.11/2022-2814 aCB-D.11/2022-2814